<?xml version="1.0" encoding="UTF-8"?>
<marc:record xmlns:marc="http://www.loc.gov/MARC21/slim">
   <marc:leader>00000nam a2200000 a 4500</marc:leader>
   <marc:datafield ind1="1" ind2=" " tag="100">
      <marc:subfield code="a">Denemarková, Radka</marc:subfield>
      <marc:subfield code="4">aut</marc:subfield>
      <marc:subfield code="e">Verfasser/-in</marc:subfield>
   </marc:datafield>
   <marc:datafield ind1="0" ind2="0" tag="245">
      <marc:subfield code="a">Ein herrlicher Flecken Erde</marc:subfield>
   </marc:datafield>
   <marc:datafield ind1="0" ind2="0" tag="245">
      <marc:subfield code="b">Roman</marc:subfield>
   </marc:datafield>
   <marc:datafield ind1="0" ind2="0" tag="245">
      <marc:subfield code="c">Radka Denemarková. Aus dem Tschech. von Eva Profousovßá</marc:subfield>
   </marc:datafield>
   <marc:datafield ind1=" " ind2="1" tag="264">
      <marc:subfield code="a">München</marc:subfield>
      <marc:subfield code="b">Dtv</marc:subfield>
      <marc:subfield code="c">2011</marc:subfield>
   </marc:datafield>
   <marc:datafield ind1="1" ind2=" " tag="520">
      <marc:subfield code="a">Gita muss in ihrem Leben durch mehrere Höllen gehen: von den Nazis als Jüdin gequält, von den Tschechen als Kollaborateurin vertrieben, schließlich von den ehemaligen Nachbarn als habgierige Alte abgestempelt, als sie den Familienbesitz zurückfordert. Doch trotz aller körperlicher und emotionaler Wunden führt Gita den Kampf gegen Unrecht und für Verständigung weiter. Ebenso kompromisslos wie ergreifend schildert dieser preisgekrönte Roman die menschliche Seite der unmenschlichen Geschichte.</marc:subfield>
   </marc:datafield>
   <marc:datafield ind1=" " ind2=" " tag="020">
      <marc:subfield code="a">9783421044044</marc:subfield>
      <marc:subfield code="9">9783421044044</marc:subfield>
   </marc:datafield>
   <marc:datafield ind1=" " ind2=" " tag="020">
      <marc:subfield code="a">342104404X</marc:subfield>
      <marc:subfield code="9">342104404X</marc:subfield>
   </marc:datafield>
   <marc:datafield ind1=" " ind2=" " tag="300">
      <marc:subfield code="a">293 S.</marc:subfield>
   </marc:datafield>
</marc:record>
